| 000 | 00657nam a2200229 a 4500 | ||
|---|---|---|---|
| 005 | 20210219152912.0 | ||
| 008 | 991125n 000 0 eng u | ||
| 035 | _aUPN01000066418 | ||
| 100 | _aBloom, Paula Jorde | ||
| 222 | _aYOUNG CHILDREN | ||
| 245 | _a"But I'm worth more than thatÃ": implementing a comprehensive compensation system | ||
| 300 | _a67-72 | ||
| 362 | _a1993 48, No. 4 | ||
| 505 | _aSeptiembre 1993 | ||
| 653 | 0 | _aDIFERENCIA DE SALARIOS | |
| 653 | 0 | _aOCCUPATIONAL INFORMATION | |
| 653 | 0 | _aPROMOCION (OCUPACION) | |
| 653 | 0 | _aREMUNERACION | |
| 653 | 0 | _aSALARIO DE LOS MAESTROS | |
| 904 |
_aAC _b004229 |
||
| 905 | _aArticulo | ||
| 999 |
_c63482 _d63482 |
||